banner-ar

الاتفاق فى علوم القران : وبالهامش اعجاز القران / (Record no. 54819)

MARC details
000 -الفاتح
حقل البيانات ثابتة الطول 00750nam a2200193Ia 4500
005 - وقت وتاريخ اخر تعامل مع التسجيلة
رقم الضبط 20240530105318.0
008 - عناصر البيانات ثابتة الطول - معلومات عامة
حقل البيانات ثابتة الطول 140319s9999 xx 000 0 ara d
040 ## - مصدر الفهرسة
وكالة الفهرسة الأصلية GCL /
وكالة النسخ GCL
082 04 - رقم تصنيف ديوى العشرى
رقم التصنيف 220
رقم المادة ج ا
100 1# - المدخل الرئيسى - إسم شخصى
الإسم الشخصى القاضى ابى بكر الباقلانى
245 10 - بيان العنوان
العنوان الاتفاق فى علوم القران : وبالهامش اعجاز القران /
بيان المسئوليه,etc القاضى ابى بكر الباقلانى
300 ## - الوصف المادى
التعداد 208 ص
650 04 - المدخل الاضافى بالموضوع-مصطلح موضوعى
مصطلح موضوعي القران
650 04 - المدخل الاضافى بالموضوع-مصطلح موضوعى
مصطلح موضوعي القران - اداب التلاوة
700 1# - المدخل الاضافى - اسم شخصى
الإسم الشخصى السيوطى : جلال الدين ابوالفضل عبدالرحمن بن ابى بكر بن محمد الخضيرى
942 ## - عناصر المدخل الإضافي( كوها)
مصدر التصنيف او مخطط الترفيف Dewey Decimal Classification
Koha [default] item type كتاب
260 ## - PUBLICATION, DISTRIBUTION, ETC. (IMPRINT)
-- [S.N] :
-- دار الندوة الجديدة
Holdings
حالة التراجع حالة الفقد حالة تلف ليس للاعارة المكان المؤقت الموقع الحالى تاريخ الاكتساب اجمالي اﻻعارات رقم الطلب الباركود تاريخ اخر مشاهدة تاريخ تفعيل السعر نوع وعاء كوها
        مكتبة القاهرة الكبرى مكتبة القاهرة الكبرى 03/26/2014   220\ج ا 131791 03/26/2014 03/26/2014 كتاب
        مكتبة القاهرة الكبرى مكتبة القاهرة الكبرى 03/26/2014   220\ج ا 131792 03/26/2014 03/26/2014 كتاب
        مكتبة القاهرة الكبرى مكتبة القاهرة الكبرى 03/26/2014   220\ج ا 131793 03/26/2014 03/26/2014 كتاب

Powered By

EGPV